• 首页
  • 本馆介绍
  • 公告通知
  • 最新文献
  • 馆藏检索
  • 电子资源
  • 读者导购
  • 参考咨询
  • 我的图书馆
  • 登录
  • 详细信息显示
  • 放入我的书架
  • 预约/预借图书
  • 作者相关作品
  • 分类相关作品
  • 丛书相关作品
  • 出版社相关作品

书目信息

  • 表格格式
  • 工作单格式
  • 卡片格式
题名:
中日文化比较研究论集
    
 
作者: 王秋菊 主编
分册: 第二辑  
出版信息: 沈阳   东北大学出版社  2014.9
页数: 384页
开本: 23cm
丛书名:
单 册:
中图分类: G04-53
科图分类:
主题词: 比较文化--Bi Jiao Wen Hua--中国--日本--文集 , 中国--Zhong Guo , 日本--Ri Ben , 文集--Wen Ji
电子资源:
ISBN: 978-7-5517-0691-9
000 00953nam0 22002771 450
001 349717
005 20161010090915.20
010    @a978-7-5517-0691-9@dCNY69.00
100    @a20141124d2014 em y0chiy0110 ea
101 0  @achi@ajpn
102    @aCN@b210000
105    @aa z 000yy
106    @ar
200 1  @a中日文化比较研究论集@AZhong Ri Wen Hua Bi Jiao Yan Jiu Lun Ji@h第二辑@f王秋菊主编
210    @a沈阳@c东北大学出版社@d2014.9
215    @a384页@c图@d23cm
300    @a本论集由东北大学“985工程”STS创新基地资助出版
330    @a本书是“中日文化比较研究国际学术研讨会”论文集,主要内容包括:基调讲演;部会A:哲学·思想·历史;部会B:语言·文学·文化三部分。
606 0  @a比较文化@ABi Jiao Wen Hua@y中国@y日本@j文集
606 0  @a中国@AZhong Guo
606 0  @a日本@ARi Ben
606 0  @a文集@AWen Ji
690    @aG04-53@v5
701  0 @a王秋菊@AWang Qiu Ju@4主编
801  0 @aCN@bTANGWEI@20160730
905    @b0886410-4@dG04-53@e101:2@f5
    
    中日文化比较研究论集.第二辑/王秋菊主编.-沈阳:东北大学出版社,2014.9
    384页:图;23cm
    本论集由东北大学“985工程”STS创新基地资助出版
    
    ISBN 978-7-5517-0691-9:CNY69.00
    本书是“中日文化比较研究国际学术研讨会”论文集,主要内容包括:基调讲演;部会A:哲学·思想·历史;部会B:语言·文学·文化三部分。
●
相关链接 在E读中查询图书 在五车中查询图书 在当当中查询图书 在豆瓣中查询图书


正题名:中日文化比较研究论集     索取号:G04-53/101:2         预约/预借

序号 登录号 条形码 馆藏地/架位号 状态 备注
1 0886410   208864102   第一样本阅览室/ [索取号:G04-53/101:2] 在馆    
2 0886411   208864111   第四借阅区/ [索取号:G04-53/101:2] 在馆    
3 0886412   208864120   第四借阅区/ [索取号:G04-53/101:2] 在馆    
4 0886413   208864139   第四借阅区/ [索取号:G04-53/101:2] 在馆    
5 0886414   208864148   第四借阅区/ [索取号:G04-53/101:2] 在馆    
唐山师范学院图书馆 欢迎您!
大连网信软件有限公司© 版权所有